| 000 | 00000nas 2200000za 4500 |
| 001 | 9.863838 |
| 003 | CaOODSP |
| 005 | 20240220080040 |
| 007 | cr ||||||||||| |
| 008 | 181029d19961999oncmr p oss f0###b0fre|d |
| 022 | |y1203-7419 |
| 040 | |aCaOODSP|bfre |
| 041 | |aeng|afre |
| 043 | |an-cn--- |
| 086 | 1 |aCS35-003-PDF |
| 245 | 00|aSawmills and planing mills |h[ressource électronique] = |bScieries et ateliers de rabotage. |
| 246 | 11|aScieries et ateliers de rabotage |
| 246 | 13|aSawmills and planing mills (excluding Newfoundland and Prince Edward Island) |
| 246 | 13|aScieries et ateliers de rabotage (sauf Terre-Neuve et l'Île-du-Prince-Édouard) |
| 260 | |aOttawa :|bStatistics Canada = Statistique Canada, |c1996-1999. |
| 310 | |aMensuel |
| 362 | 0 |aVol. 50, no. 1 (janv. 1996)-v. 53, no. 1 (janv. 1999). |
| 500 | |aÉdition numérisée de l’imprimé [par Statistique Canada]. |
| 500 | |aCertaines livr. comportent le titre : Sawmills and planing mills (excluding Newfoundland and Prince Edward Island) = Scieries et ateliers de rabotage (sauf Terre-Neuve et l'île-du-Prince Édouard). |
| 500 | |aTitre de départ. |
| 546 | |aTexte en anglais et en français. |
| 550 | |aPubl. janv. 1996-déc. 1996 par la Division de l'industrie; janv. 1997-janv. 1999 par la Division de la fabrication, de la construction et de l'énergie |
| 580 | |aFusion de : Production, shipments and stocks on hand of sawmills East of the Rockies (excluding Newfoundland and Prince Edward Island; et de, Production, shipments and stocks on hand of sawmills in British Columbia. |
| 692 | 07|2gccst|aIndustrie du bois d'oeuvre |
| 692 | 07|2gccst|aQuestions économiques |
| 710 | 1 |aCanada. |bStatistique Canada. |bDivision de l'industrie. |
| 710 | 1 |aCanada. |bStatistique Canada. |bDivision de la fabrication, de la construction et de l'énergie. |
| 780 | 00|tProduction, shipments, and stocks on hand of sawmills in British Columbia |w(CaOODSP)9.863797 |
| 785 | 00|tSawmills and planing mills |w(CaOODSP)9.500052 |
| 791 | |tSawmills and planing mills |eeng|w(CaOODSP)9.863827 |